00672 2200241 4500001002100000005001500021035002000036007000300056008004100059020002200100082001200122084001800134100001200152245004400164250001100208260003900219300003700258700001300295505008300308990001300391990001300404990001300417INLIS00000000000613120201219121755 a0010-1220000523ta201219 g 0 ind  a978-979-25-4918-8 a370.114 a370.114 BAR e0 aBarnawi1 aEtika & Profesi Kependidikan /cBarnawi acet. 2 aJogjakarta :bAR-RUZZ MEDIA,c2020 a252 hlm. :bilus ;c14.8 x 21 cm0 aMohammad aBuku ini memaparkan yang representatif tentang etika dan profesi kependidikan. a69976997 a69976997 a69976997